• 首页
  • 本馆介绍
  • 公告通知
  • 最新文献
  • 馆藏检索
  • 电子资源
  • 读者荐购
  • 参考咨询
  • CALIS
  • 我的图书馆
  • 登录
  • 详细信息显示
  • 放入我的书架
  • 预约/预借图书
  • 作者相关作品
  • 分类相关作品
  • 丛书相关作品
  • 出版社相关作品

书目信息

  • 表格格式
  • 工作单格式
  • 卡片格式
题名:
公开的秘密
    
 
作者: 门罗 著
分册:  
出版信息: 南京   译林出版社  2013
页数: 308页
开本: 23cm
丛书名:
单 册:
中图分类: I711.45
科图分类:
主题词: 文学
电子资源:
ISBN: 7-5447-4540-6
 
 
 
 
 
000 00532nam0 2200193 450
001 139169
005 20140910135742.68
010    @a7-5447-4540-6@dCNY 32.00
100    @a20140910d2013 km y0chiy0120 ea
101 0  @achi
102    @aCN@b320000
200 1  @a公开的秘密@Agong kai de mi mi@f门罗著@Fmen luo zhu
210    @a南京@c译林出版社@d2013
215    @a308页@d23cm
606 0  @a文学
690    @aI711.45@v4
701  0 @a门罗@Amen luo@4著
801  0 @aCN@b大连网信软件有限公司图书馆·11@c20140910
905    @a241430@dI711.45@eM5556
    
    公开的秘密/门罗著.-南京:译林出版社,2013
    308页;23cm
    
    
    ISBN 7-5447-4540-6:CNY 32.00
    
●
相关链接 在E读中查询图书 在当当中查询图书 在豆瓣中查询图书


正题名:公开的秘密     索取号:I711.45/M5556         预约/预借

序号 登录号 条形码 馆藏地/架位号 状态 备注
1 0829507   208295076   社科二线400B/400B社科库 6排1列1层/ [索取号:I711.45/M5556] 在馆    
2 0829508   208295085   文学库116/116文学库 25排2列2层/ [索取号:I711.45/M5556] 在馆    
3 0829509   208295094   社科二线400B/400B社科库 5排2列5层/ [索取号:I711.45/M5556] 在馆    
4 0829510   208295101   文学库116/116文学库 25排2列2层/ [索取号:I711.45/M5556] 在馆    
5 0829511   208295110   文学库116/116文学库 25排2列2层/ [索取号:I711.45/M5556] 在馆    
河南城建学院图书馆 欢迎您!
大连网信软件有限公司© 版权所有